000 00721nam a2200205Ia 4500
001 15893
003 GE_BSU
008 181216s||||||||xx |||||||||||||| ||und||
040 _cGE_BSU
080 _a821.353.1-1 + 821.353.1-11
100 _aჭავჭავაძე, ი. (ილია, 1837-1907)
245 _aრჩეული ლექსები და პოემები
245 _cრედ.შ.რადიანი
260 _aთბილისი
260 _bსახელგამი
260 _c1937
300 _a131 გვ. : 1 ჩართ. ფურც. პორტრ. ; 22სმ
653 _aრჩეული ლექსები და პოემები
942 _cBK
999 _c48988
_d48988